000 00328nam a2200133Ia 4500
008 191201s2009 xx 000 0 und d
100 _aMccarthy, Auriela
245 0 _aPower of the Possible
250 _aRep.
260 _aN.Delhi
_bJaico Publication House
_c2009
300 _a168
650 _aGeneral Books
942 _2ddc
_cBK
999 _c3961
_d3961